000 00969nam a2200313 i 4500
003 DO-SdBNP
005 20240620140742.0
007 ta
008 240620b2011 sp ||||| |||| 00| 0 spa d
020 _a9788432248351
040 _aDO-SdBNP
_bspa
_cBNPHU
_erda
082 4 _222
100 _aCaballero Bonald, José Manuel,
_d1926-
_99887
_eautor
245 1 0 _aSomos el tiempo que nos queda :
_bobra poética completa 1952-2009 /
_cJosé Manuel Caballero Bonald
264 _aEspaña :
_bSeix Barral,
_c2011.
300 _a801 páginas ;
_c19 cm.
336 _2rdacontent
_atexto
_btxt
337 _2rdamedia
_asin mediación
_bnc
338 _2rdacarrier
_avolumen
_bnc
490 _aAustral
_v712
490 _aPoesía
500 _aIncluye datos biográficos del autor
590 _aInventariado, 2024/BT
650 4 _aNovela española
_91123
650 4 _aLiteratura española
_ySiglo XX
_93326
700 _932901
910 _aBtavárez
942 _2ddc
_cLBS1
999 _c56909
_d56909